000 00652nam a2200205Ii 4500
003 JO-AjNU
008 230605s9999||||xx |||||||||||||| ||und||
040 _aJO-AjNU
_bara
_erda
_cJO-AjNU
041 _aara
050 1 4 _aPN6110.G58.S5868 1987
100 3 _aشوشة، فاروق,
_eauthor
_938180
245 0 0 _aأحلى 20 قصيدة حب في الحب الإلهي
250 _aط6
264 3 1 _aبيروت: دار إبن زيدون، 1987
300 _a148ص
336 _atext
_btxt
_2rdacontent
337 _aunmediated
_bn
_2rdamedia
338 _avolume
_bnc
_2rdacarrier
650 4 _aالشعر العربي - قصائد دينية
_938181
999 _aA16019
_c19587
_d19587